000 00877nam a2200217Ii 4500
003 JO-AjNU
008 230605s9999||||xx |||||||||||||| ||und||
040 _aJO-AjNU
_bara
_erda
_cJO-AjNU
041 _aara
050 1 4 _aBP166.5.I27 1982
100 3 _aالطبري، علي بن ربن ؛ تحقيق وتقديم عادل النويهض,
_eauthor
_935312
245 0 0 _aالدين والدولة في إثبات نبوة النبي محمد صلى الله عليه وسلم
250 _aط4
264 3 1 _aبيروت: دار الافاق الجديدة، 1982
300 _a239ص
_bيشتمل على الفهارس العامة(ص211-237)
336 _atext
_btxt
_2rdacontent
337 _aunmediated
_bn
_2rdamedia
338 _avolume
_bnc
_2rdacarrier
490 0 _aذخائر التراث العربي
650 4 _aالسيرة النبوية- النبوات
_935313
999 _aA14566
_c18134
_d18134